000 00894nam a22002897a 4500
999 _c1234
_d1234
001 004402
003 CoMeUDC004402
005 20190205192314.0
008 030701s2003 ck a rl 00010 spa d
015 _ack-2003-xxxx
020 _a9586354679
035 _aAHQ6893 LA
040 _ala
_cCoMeUDC
041 0 _aspa
043 _as-ck---
082 0 4 _a350.9
_bO74p
_219 ed.
100 _aOrjuela Bossa, María del Pilar.
_91542
245 1 0 _aProceso disciplinario en la práctica /
_cMaría del Pilar Orjuela Bossa.
260 _aBogotá :
_bEdiciones Librería del Profesional,
_c2003.
300 _axviii, 81 p. :
_bil. ;
_c23 cm.
504 _aIncluye bibliografías.
650 6 _aProceso disciplinario
_z Colombia.
650 _aDerecho administrativo disciplinario
_z Colombia.
650 0 _aFunción pública
_z Colombia.
_91543
942 _2ddc
_cBK
949 _ac
_bc